000 00822cam a22002654a 4500
008
020 _a9780470540640 (hbk.)
049 _aMAIN
090 _aQA280
_bBIS
100 1 _aBisgaard, Soren.
245 1 0 _aTime series analysis and forecasting by example /
_cSoren Bisgaard and Murat Kulahci.
260 _aHoboken, New Jersey. :
_bWiley,
_cc2011.
300 _axiii, 366 p. :
_bill. ;
_c25 cm.
440 0 _aWiley series in probability and statistics.
500 _aIncludes index.
504 _aIncludes bibliographical references.
650 0 _aTime-series analysis.
650 0 _aForecasting.
700 1 _aKulahci, Murat.
907 _a.b10386543
_b08-11-17
_c07-11-17
003
005 20230123122319.0
040 _cNUST
942 _cBOOKS
_kQA280
_mBIS
999 _c131507
_d131507